Prowincje Tajlandii z mapą - Statystyki

Ogólne statystyki
  • Ten quiz został rozwiązany 116 razy
  • Średni wynik to 11 z 77
Odpowiedzi na mapie
Odpowiedzi zakodowano w zielono-czerwonej skali na mapie do tego quizu, zgodnie z poniższymi procentami.
 
Statystyki odpowiedzi
Prowincja % Poprawnych
Dystrykt Specjalny Bangkok
94%
Prowincja Phuket
67%
Prowincja Chiang Mai
50%
Prowincja Krabi
33%
Prowincja Buri Ram
22%
Prowincja Tak
22%
Prowincja Chainat
17%
Prowincja Chonburi
17%
Prowincja Kalasin
17%
Prowincja Kanchanaburi
17%
Prowincja Khon Kaen
17%
Prowincja Loei
17%
Prowincja Nakhon Ratchasima
17%
Prowincja Nan
17%
Prowincja Nonthaburi
17%
Prowincja Ratchaburi
17%
Prowincja Roi Et
17%
Prowincja Satun
17%
Prowincja Yala
17%
Prowincja Amnat Charoen
11%
Prowincja Ang Thong
11%
Prowincja Bueng Kan
11%
Prowincja Chachoengsao
11%
Prowincja Chaiyaphum
11%
Prowincja Chanthaburi
11%
Prowincja Chiang Rai
11%
Prowincja Chumphon
11%
Prowincja Kamphaeng Phet
11%
Prowincja Lampang
11%
Prowincja Lopburi
11%
Prowincja Mae Hong Son
11%
Prowincja Maha Sarakham
11%
Prowincja Mukdahan
11%
Prowincja Nakhon Pathom
11%
Prowincja Nakhon Phanom
11%
Prowincja Nakhon Sawan
11%
Prowincja Nakhon Si Thammarat
11%
Prowincja Narathiwat
11%
Prowincja Nong Khai
11%
Prowincja Pathum Thani
11%
Prowincja Pattani
11%
Prowincja Phang Nga
11%
Prowincja Phatthalung
11%
Prowincja Phayao
11%
Prowincja Phetchabun
11%
Prowincja Phetchaburi
11%
Prowincja Phichit
11%
Prowincja Phitsanulok
11%
Prowincja Phrae
11%
Prowincja Prachin Buri
11%
Prowincja Prachuap Khiri Khan
11%
Prowincja Ranong
11%
Prowincja Rayong
11%
Prowincja Sa Kaeo
11%
Prowincja Sakon Nakhon
11%
Prowincja Samut Prakan
11%
Prowincja Samut Sakhon
11%
Prowincja Samut Songkhram
11%
Prowincja Saraburi
11%
Prowincja Sing Buri
11%
Prowincja Sisaket
11%
Prowincja Songkhla
11%
Prowincja Sukhothai
11%
Prowincja Surat Thani
11%
Prowincja Surin
11%
Prowincja Trang
11%
Prowincja Trat
11%
Prowincja Ubon Ratchathani
11%
Prowincja Udon Thani
11%
Prowincja Uthai Thani
11%
Prowincja Uttaradit
11%
Prowincja Yasothon
11%
Prowincja Ajutthaja
6%
Prowincja Lamphun
6%
Prowincja Nakhon Nayok
6%
Prowincja Nongbua Lamphu
6%
Prowincja Suphanburi
6%
Nie znaleziono quizów pasujących do podanych kryteriów
Rozkład punktacji
Procent ludzi z każdym wynikiem
Percentyl według liczby udzielonych odpowiedzi
Twoja historia wyników
Nie rozwiązałeś tego quizu